[Event "St Denis op 21st"]
[Site "St Denis"]
[Date "2019.10.20"]
[Round "8"]
[White "Goorsahye, Antoine"]
[Black "Pun Chung, Leo"]
[Result "1-0"]
[WhiteElo "1786"]
[BlackElo "1654"]
[PlyCount "63"]
[EventDate "2019.10.20"]
[EventType "swiss"]
[EventRounds "9"]
[EventCountry "RUF"]
[SourceTitle "CBM 192 Extra"]
[Source "Chessbase"]
[SourceDate "2019.11.06"]
[SourceVersion "1"]
[SourceVersionDate "2019.11.06"]
[SourceQuality "1"]

1. e4 c5 2. Nc3 Nc6 3. g3 g6 4. Bg2 Bg7 5. d3 e6 6. Be3 Nd4 7. Qd2 Ne7 8. Nd1 d6 9. c3 Ndc6 10. Bh6 0-0 11. Bxg7 Kxg7 12. h4 h5 13. Ne2 e5 14. Ne3 Qb6 15. 0-0 Be6 16. f4 f5 17. Kh2 Rae8 18. Rf2 Nd8 19. d4 cxd4 20. cxd4 fxe4 21. dxe5 Nd5 22. Nxd5 Qxf2 23. Ne3 Bg4 24. Nxg4 hxg4 25. exd6 e3 26. Qd3 Re6 27. Rf1 Rxd6 28. Qc3+ Rff6 29. Rxf2 exf2 30. Nd4 Nc6 31. Nxc6 Rd1 32. Ne5 1-0

[Event "St Denis op 21st"]
[Site "St Denis"]
[Date "2019.10.20"]
[Round "3"]
[White "Pun Chung, Leo"]
[Black "Sandjivy, Jean Marc"]
[Result "1-0"]
[WhiteElo "1654"]
[BlackElo "1218"]
[PlyCount "53"]
[EventDate "2019.10.20"]
[EventType "swiss"]
[EventRounds "9"]
[EventCountry "RUF"]
[SourceTitle "CBM 192 Extra"]
[Source "Chessbase"]
[SourceDate "2019.11.06"]
[SourceVersion "1"]
[SourceVersionDate "2019.11.06"]
[SourceQuality "1"]

1. e4 e6 2. d3 c5 3. Nf3 Nc6 4. Nbd2 g6 5. g3 Bg7 6. Bg2 d6 7. 0-0 Nf6 8. Re1 0-0 9. a4 Bd7 10. c3 Qb6 11. Nc4 Qc7 12. e5 Ne8 13. exd6 Nxd6 14. Bf4 e5 15. Ncxe5 Be6 16. Nxc6 Qxc6 17. Nd4 Qb6 18. a5 Qd8 19. Nxe6 fxe6 20. Rxe6 Rf6 21. Bg5 Qd7 22. Rxf6 Bxf6 23. Bxf6 Rf8 24. Be5 Nf5 25. Qb3+ Rf7 26. Bd5 Nh6 27. Bxf7+ 1-0

[Event "Reunion op 20th"]
[Site "St Denis"]
[Date "2018.10.15"]
[Round "3"]
[White "Pun Chung, Leo"]
[Black "Rajaonson, Andriamahenina"]
[Result "1-0"]
[WhiteElo "1458"]
[BlackElo "1822"]
[PlyCount "53"]
[EventDate "2018.10.14"]
[EventType "swiss"]
[EventRounds "9"]
[EventCountry "RUF"]
[SourceTitle "CBM 187 Extra"]
[Source "ChessBase"]
[SourceDate "2018.11.04"]
[SourceVersion "1"]
[SourceVersionDate "2018.11.04"]
[SourceQuality "1"]

1. e4 e6 2. d3 d5 3. Nd2 c5 4. Ngf3 Nc6 5. g3 Nf6 6. Bg2 Be7 7. 0-0 0-0 8. e5 Nd7 9. Re1 Qc7 10. Qe2 b6 11. h4 Bb7 12. Nf1 Rac8 13. Bf4 b5 14. Ng5 h6 15. Nf3 Nd4 16. Qd2 Nf5 17. N1h2 d4 18. Bh3 Bxf3 19. Nxf3 Qc6 20. Bg2 Qc7 21. g4 Nxh4 22. Nxh4 Bxh4 23. Bxh6 gxh6 24. Qxh6 Qd8 25. Be4 Bxf2+ 26. Kxf2 f5 27. Qg6+ 1-0

[Event "Reunion op 20th"]
[Site "St Denis"]
[Date "2018.10.14"]
[Round "1"]
[White "Pun Chung, Leo"]
[Black "Leveille, Francois"]
[Result "0-1"]
[WhiteElo "1458"]
[BlackElo "2202"]
[PlyCount "78"]
[EventDate "2018.10.14"]
[EventType "swiss"]
[EventRounds "9"]
[EventCountry "RUF"]
[SourceTitle "CBM 187 Extra"]
[Source "ChessBase"]
[SourceDate "2018.11.04"]
[SourceVersion "1"]
[SourceVersionDate "2018.11.04"]
[SourceQuality "1"]

1. e4 g6 2. d4 Bg7 3. Nf3 d6 4. Bc4 c6 5. 0-0 Nf6 6. Re1 Nxe4 7. Bxf7+ Kxf7 8. Rxe4 h6 9. Nc3 Nd7 10. Re1 Nf6 11. Qd3 g5 12. Ne2 Nh5 13. Ng3 Nxg3 14. fxg3 Bf6 15. Bd2 Qb6 16. Bc3 Bd7 17. Re3 Qb5 18. Qxb5 cxb5 19. d5 Bxc3 20. Rxc3 Rhc8 21. Rxc8 Rxc8 22. Nd4 Rc5 23. Rf1+ Ke8 24. Ne6 Bxe6 25. dxe6 Re5 26. Kf2 Rf5+ 27. Ke2 Rxf1 28. Kxf1 Kf8 29. Ke2 Kg7 30. h4 Kf6 31. Ke3 Kxe6 32. hxg5 hxg5 33. Ke4 d5+ 34. Ke3 Kf5 35. Kf3 b4 36. g4+ Ke5 37. Ke3 a5 38. g3 a4 39. c3 a3 0-1

[Event "Reunion op 19th"]
[Site "St Denis"]
[Date "2017.10.17"]
[Round "2"]
[White "Pun Chung, Leo"]
[Black "Andriandaza, Tombo Omar"]
[Result "0-1"]
[WhiteElo "1443"]
[BlackElo "1711"]
[PlyCount "64"]
[EventDate "2017.10.16"]
[EventType "swiss"]
[EventRounds "7"]
[EventCountry "RUF"]
[SourceTitle "CBM 181 Extra"]
[Source "ChessBase"]
[SourceDate "2017.12.12"]
[SourceVersion "1"]
[SourceVersionDate "2017.12.12"]
[SourceQuality "1"]

1. e4 c6 2. d4 d5 3. Nc3 dxe4 4. Nxe4 Bf5 5. Ng3 Bg6 6. Nf3 Nd7 7. h4 h6 8. h5 Bh7 9. Bd3 Ngf6 10. Bf4 e6 11. Bxh7 Nxh7 12. Qd3 Qa5+ 13. Bd2 Qb6 14. 0-0-0 Nhf6 15. Ne2 Nd5 16. Nc3 Qc7 17. Nxd5 cxd5 18. g4 Bd6 19. Rde1 0-0-0 20. g5 hxg5 21. Nxg5 Nf6 22. Nxf7 Qxf7 23. Ba5 Rde8 24. Rh3 Rxh5 25. Rf3 Qd7 26. Qg6 Rh6 27. Rc3+ Kb8 28. Qg2 Ne4 29. Rb3 Bf4+ 30. Kd1 g5 31. f3 Rh2 32. Qg1 Nf2+ 0-1

[Event "Reunion op 18th"]
[Site "St Denis"]
[Date "2016.10.14"]
[Round "7"]
[White "Mercadal, Theo"]
[Black "Pun Chung, Leo"]
[Result "1/2-1/2"]
[WhiteElo "1513"]
[BlackElo "1374"]
[PlyCount "64"]
[EventDate "2016.10.10"]
[EventType "swiss"]
[EventRounds "7"]
[EventCountry "RUF"]
[SourceTitle "CBM 175 Extra"]
[Source "ChessBase"]
[SourceDate "2016.12.12"]
[SourceVersion "1"]
[SourceVersionDate "2016.12.12"]
[SourceQuality "1"]

1. c4 c5 2. Nc3 g6 3. g3 Bg7 4. Bg2 Nc6 5. e3 d6 6. Nge2 Nf6 7. d4 cxd4 8. exd4 0-0 9. 0-0 Bd7 10. b3 Qa5 11. Bb2 Rac8 12. Rc1 Bh6 13. Ra1 Bg7 14. a3 e5 15. d5 Ne7 16. a4 a6 17. Re1 Rcd8 18. Nc1 Bg4 19. f3 Bf5 20. Kh1 Bh6 21. f4 Ng4 22. Qf3 Qc5 23. Re2 Bg7 24. Rd2 e4 25. Nxe4 Bxe4 26. Qxg4 Bxg2+ 27. Rxg2 Bxb2 28. Rxb2 Qd4 29. Rab1 Nf5 30. Qf3 Rfe8 31. Re2 Qd1+ 32. Kg2 Qd4 1/2-1/2

[Event "Reunion op 18th"]
[Site "St Denis"]
[Date "2016.10.11"]
[Round "3"]
[White "Bah, Ismael"]
[Black "Pun Chung, Leo"]
[Result "1-0"]
[WhiteElo "1786"]
[BlackElo "1374"]
[PlyCount "45"]
[EventDate "2016.10.10"]
[EventType "swiss"]
[EventRounds "7"]
[EventCountry "RUF"]
[SourceTitle "CBM 175 Extra"]
[Source "ChessBase"]
[SourceDate "2016.12.12"]
[SourceVersion "1"]
[SourceVersionDate "2016.12.12"]
[SourceQuality "1"]

1. Nf3 Nc6 2. b3 Nf6 3. Bb2 e6 4. e3 b6 5. g3 Bb7 6. Bg2 Be7 7. 0-0 0-0 8. c4 d5 9. cxd5 Nxd5 10. d4 Ba6 11. Re1 Bb4 12. Nfd2 Qd7 13. a3 Be7 14. Qc2 Bb7 15. Nc3 Rad8 16. Rad1 Rfe8 17. Rc1 a5 18. Red1 Nxc3 19. Qxc3 Nb4 20. axb4 Bxb4 21. Qxc7 Qb5 22. Qxb7 Rd7 23. Qc6 1-0

[Event "Reunion op 17th"]
[Site "St Denis"]
[Date "2015.10.10"]
[Round "3"]
[White "Caminade, Hugo"]
[Black "Pun Chung, Leo"]
[Result "0-1"]
[WhiteElo "1247"]
[BlackElo "1199"]
[PlyCount "140"]
[EventDate "2015.10.10"]
[EventType "swiss"]
[EventRounds "9"]
[EventCountry "RUF"]
[SourceTitle "CBM 168 Extra"]
[Source "ChessBase"]
[SourceDate "2015.10.29"]
[SourceVersion "1"]
[SourceVersionDate "2015.10.29"]
[SourceQuality "1"]

1. d4 d5 2. g3 e6 3. Bg2 c5 4. Nf3 Nc6 5. c3 Qb6 6. b3 Nf6 7. Ba3 Nd7 8. Qd3 c4 9. Qc2 cxb3 10. axb3 Qa6 11. b4 b5 12. Nbd2 Nb6 13. Bb2 Qb7 14. e4 a5 15. 0-0 axb4 16. Rxa8 Qxa8 17. Qb3 bxc3 18. Bxc3 b4 19. Bb2 Ba6 20. Ra1 Qb7 21. Ne5 Nxe5 22. dxe5 Bb5 23. Ra5 Bc6 24. Bf1 dxe4 25. Bb5 Bxb5 26. Rxb5 Be7 27. Bd4 Bd8 28. Nc4 0-0 29. Nxb6 Qc6 30. Qxb4 Qc1+ 31. Kg2 Qc6 32. Be3 Bc7 33. Nc4 Rc8 34. Nd2 h6 35. Nxe4 f5 36. exf6 gxf6 37. Bxh6 f5 38. f3 fxe4 39. fxe4 Kh7 40. Bg5 Bd6 41. Qb2 Qxe4+ 42. Kh3 Rc2 43. Rb7+ Rc7 44. Rxc7+ Bxc7 45. Qf6 Qg6 46. Qe7+ Qg7 47. Bf6 Qxe7 48. Bxe7 e5 49. Kg2 e4 50. Bc5 Kg6 51. Bd4 Kf5 52. h4 Be5 53. Be3 Kg4 54. Kf2 Bxg3+ 55. Kf1 Bxh4 56. Ke2 Bg5 57. Bxg5 Kxg5 58. Ke3 Kf5 59. Ke2 Kf4 60. Ke1 Kf3 61. Kf1 e3 62. Ke1 e2 63. Kd2 Kf2 64. Kd3 e1Q 65. Kc4 Qe3 66. Kb4 Qd4+ 67. Kb3 Ke3 68. Ka2 Kd2 69. Kb1 Qc5 70. Ka2 Qb5 0-1

[Event "Reunion op 17th"]
[Site "St Denis"]
[Date "2015.10.10"]
[Round "6"]
[White "Laoussing, Mathis"]
[Black "Pun Chung, Leo"]
[Result "0-1"]
[WhiteElo "1270"]
[BlackElo "1199"]
[PlyCount "150"]
[EventDate "2015.10.10"]
[EventType "swiss"]
[EventRounds "9"]
[EventCountry "RUF"]
[SourceTitle "CBM 168 Extra"]
[Source "ChessBase"]
[SourceDate "2015.10.29"]
[SourceVersion "1"]
[SourceVersionDate "2015.10.29"]
[SourceQuality "1"]

1. e4 e6 2. d4 d5 3. e5 c5 4. c3 Nc6 5. Nf3 Qb6 6. Bd3 cxd4 7. Nxd4 Nxd4 8. cxd4 Bd7 9. Bc2 Rc8 10. 0-0 Bb5 11. Ba4 Bxa4 12. Qxa4+ Qc6 13. Qxc6+ Rxc6 14. Nc3 Nh6 15. Nb5 a6 16. Na7 Rc4 17. Be3 Nf5 18. b3 Rc7 19. Rac1 Rd7 20. Bg5 Be7 21. Rc8+ Rd8 22. Rxd8+ Bxd8 23. Bxd8 Kxd8 24. Rc1 Kd7 25. Rd1 Ra8 26. g4 Ne7 27. Rd3 Kc7 28. Rh3 Rh8 29. Rf3 Rf8 30. Rh3 h6 31. g5 hxg5 32. Rg3 f6 33. f4 Kb6 34. fxg5 fxg5 35. Rxg5 g6 36. a4 Kxa7 37. a5 Rg8 38. h4 b6 39. b4 bxa5 40. bxa5 Rh8 41. Rg4 Kb7 42. Kg2 Kc6 43. Kh3 Kb5 44. Rg2 Kxa5 45. Ra2+ Kb5 46. Rb2+ Kc4 47. Rb7 Rh7 48. Rb6 Kxd4 49. Rxe6 a5 50. Ra6 Kxe5 51. Rxa5 Ke4 52. Ra1 d4 53. Re1+ Kf3 54. Rf1+ Ke2 55. Rf4 d3 56. Re4+ Kf3 57. Rd4 Ke3 58. Rd6 d2 59. Kg2 Rxh4 60. Re6+ Kd3 61. Rd6+ Kc2 62. Kf2 d1Q 63. Rxd1 Kxd1 64. Kg3 Ra4 65. Kf3 Kc2 66. Kg3 Ra8 67. Kf4 g5+ 68. Kxg5 Rf8 69. Kh6 Kd3 70. Kg5 Rf1 71. Kh6 Ke4 72. Kg5 Ke5 73. Kg4 Ke4 74. Kg3 Rf8 75. Kg2 Ke3 0-1